Fr. Conceicao Rodrigues College of Engineering

Modern Business Statistics (Record no. 34583)

MARC details
000 -LEADER
fixed length control field 00276nam a2200133Ia 4500
100 ## - MAIN ENTRY--PERSONAL NAME
Personal name Freund/ John E.
245 ## - TITLE STATEMENT
Title Modern Business Statistics
260 ## - PUBLICATION, DISTRIBUTION, ETC.
Name of publisher, distributor, etc. P.H.
Place of publication, distribution, etc. New Jersey
Date of publication, distribution, etc. 1958
300 ## - PHYSICAL DESCRIPTION
Extent 539
546 ## - LANGUAGE NOTE
Language note ENGLISH
654 ## - SUBJECT ADDED ENTRY--FACETED TOPICAL TERMS
Focus term Business
942 ## - ADDED ENTRY ELEMENTS (KOHA)
Koha item type Reference Book
Holdings
Withdrawn status Lost status Damaged status Not for loan Collection Home library Current library Shelving location Date acquired Total Checkouts Full call number Barcode Date last seen Price effective from Koha item type
        CRC Fr. Agnel's C.Rodrigues College of Engineering Fr. Agnel's C.Rodrigues College of Engineering   17/03/2023   7962 17/03/2023 17/03/2023 Reference Book